[Event "European Club Cup Femenino 2014"]
[Site "Bilbao ESP"]
[Date "2014.09.14"]
[Round "1.1"]
[White "Ushenina, Anna"]
[Black "Gunina, Valentina"]
[Result "0-1"]
[WhiteElo "2481"]
[BlackElo "2540"]
[PlyCount "132"]
[EventDate "2014.09.14"]
[EventType "swiss"]
[EventRounds "7"]
[EventCountry "ESP"]
[Source "lmi"]
[SourceDate "2014.09.14"]
[WhiteTeam "Ugra"]
[BlackTeam "SHSM"]

1. d4 d5 2. c4 e6 3. Nc3 Nf6 4. Nf3 c6 5. e3 a6 6. b3 Bb4 7. Bd2 O-O 8. Bd3
Nbd7 9. O-O Bd6 10. Re1 e5 11. cxd5 cxd5 12. e4 exd4 13. Nxd5 Nxd5 14. exd5 Nf6
15. Qc2 h6 16. Qc4 Bg4 17. Ne5 Qb6 18. h3 Bd7 19. Nxd7 Nxd7 20. Bf5 Nf6 21.
Rad1 Rfd8 22. Kh1 Bf8 23. Bf4 Rxd5 24. Be5 Qc5 25. Bxf6 Qxc4 26. bxc4 Rxf5 27.
Bxd4 Rc8 28. Ba7 Bc5 29. Bxc5 Rcxc5 30. f3 Rxc4 31. Re8+ Kh7 32. Re7 b5 33. Rd2
a5 34. Ra7 b4 35. Kg1 Rc1+ 36. Kh2 Rcc5 37. Re2 h5 38. h4 g6 39. Ra6 Kg7 40.
Kg3 Rc1 41. Kh2 Rc3 42. Kg3 Ra3 43. Ra7 Rf6 44. Rd2 Re6 45. Rdd7 Rf6 46. Rd2
Rf5 47. Re2 Ra4 48. Rd7 g5 49. hxg5 Rxg5+ 50. Kh3 Kg6 51. Rd6+ f6 52. Ra6 Rd5
53. Kg3 h4+ 54. Kh3 Rd1 55. Kh2 b3 56. axb3 Raa1 57. g4 Rh1+ 58. Kg2 Rag1+ 59.
Kf2 h3 60. Rxa5 Rg2+ 61. Ke3 Rxe2+ 62. Kxe2 h2 63. Rh5 Ra1 64. Rxh2 Ra2+ 65.
Kd3 Rxh2 66. b4 Rf2 0-1

[Event "European Club Cup Femenino 2014"]
[Site "Bilbao ESP"]
[Date "2014.09.14"]
[Round "1.1"]
[White "Kovanova, Baira"]
[Black "Girya, Olga"]
[Result "1/2-1/2"]
[WhiteElo "2399"]
[BlackElo "2476"]
[PlyCount "81"]
[EventDate "2014.09.14"]
[EventType "swiss"]
[EventRounds "7"]
[EventCountry "ESP"]
[Source "lmi"]
[SourceDate "2014.09.14"]
[WhiteTeam "Ugra"]
[BlackTeam "SHSM"]

1. e4 c6 2. d4 d5 3. Nc3 dxe4 4. Nxe4 Nd7 5. Nf3 Ngf6 6. Nxf6+ Nxf6 7. Bc4 Bf5
8. O-O e6 9. h3 Be7 10. Bf4 O-O 11. c3 c5 12. Re1 Be4 13. Be5 Bd5 14. Bd3 Nd7
15. c4 Bxf3 16. Qxf3 Nxe5 17. dxe5 Qc7 18. Be4 Rfd8 19. b3 Rd7 20. Rad1 Rad8
21. Rxd7 Rxd7 22. Rd1 b6 23. Rxd7 Qxd7 24. Qd3 Qxd3 25. Bxd3 g5 26. g3 Bd8 27.
Kg2 Bc7 28. f4 gxf4 29. gxf4 f6 30. exf6 Bxf4 31. f7+ Kxf7 32. Bxh7 Kf6 33. Kf3
Bd2 34. Ke2 Bc1 35. Kd3 Ke5 36. h4 Bh6 37. h5 Kf4 38. Bg6 Bg7 39. Bf7 e5 40.
Bg6 Bf8 41. Be4 1/2-1/2

[Event "European Club Cup Femenino 2014"]
[Site "Bilbao ESP"]
[Date "2014.09.14"]
[Round "1.1"]
[White "Kashlinskaya, Alina"]
[Black "Guseva, Marina"]
[Result "1-0"]
[WhiteElo "2433"]
[BlackElo "2352"]
[PlyCount "71"]
[EventDate "2014.09.14"]
[EventType "swiss"]
[EventRounds "7"]
[EventCountry "ESP"]
[Source "lmi"]
[SourceDate "2014.09.14"]
[WhiteTeam "SHSM"]
[BlackTeam "Ugra"]

1. e4 e5 2. Nf3 Nc6 3. Bb5 a6 4. Ba4 Nf6 5. O-O Be7 6. d3 b5 7. Bb3 d6 8. a3
O-O 9. Nc3 Bg4 10. Be3 Nd4 11. Bxd4 exd4 12. Nd5 Nxd5 13. Bxd5 Rc8 14. Bc6 Bf6
15. a4 Rb8 16. axb5 axb5 17. Ra7 Rb6 18. Bd5 c6 19. Bb3 Qb8 20. Ra5 Qb7 21. h3
Bxf3 22. Qxf3 Ra6 23. Rxa6 Qxa6 24. Qg3 c5 25. Bd5 Be7 26. f4 Kh8 27. Qg4 Qa7
28. Qh5 Bd8 29. e5 Qe7 30. exd6 Qxd6 31. Bxf7 Bc7 32. g3 g5 33. Re1 gxf4 34.
Re6 Qd7 35. Bg6 Qg7 36. Bxh7 1-0

[Event "European Club Cup Femenino 2014"]
[Site "Bilbao ESP"]
[Date "2014.09.14"]
[Round "1.2"]
[White "Galliamova, Alisa"]
[Black "Len, Irina"]
[Result "1-0"]
[WhiteElo "2472"]
[BlackElo "2133"]
[PlyCount "59"]
[EventDate "2014.09.14"]
[EventType "swiss"]
[EventRounds "7"]
[EventCountry "ESP"]
[Source "lmi"]
[SourceDate "2014.09.14"]
[WhiteTeam "Ladya"]
[BlackTeam "Herzliya Chess Club"]

1. d4 d5 2. c4 e6 3. Nc3 f5 4. Nf3 c6 5. Bf4 Nf6 6. e3 Be7 7. Bd3 O-O 8. h3 Ne4
9. Qc2 b6 10. g4 Bb7 11. gxf5 exf5 12. O-O-O Na6 13. a3 Kh8 14. Ne5 Nc7 15. Bh2
Rc8 16. Kb1 Qe8 17. f3 Nxc3+ 18. Qxc3 c5 19. Qc2 Qh5 20. dxc5 dxc4 21. Bxc4
Bxc5 22. Rd7 Bxf3 23. Nxf3 Qxf3 24. Rg1 Ne8 25. Be5 Rf6 26. Rgxg7 Nxg7 27. Bxf6
Bf8 28. Qd3 Qh1+ 29. Ka2 Qc6 30. Bxg7+ 1-0

[Event "European Club Cup Femenino 2014"]
[Site "Bilbao ESP"]
[Date "2014.09.14"]
[Round "1.2"]
[White "Yakovleva, Tatiana"]
[Black "Zatonskih, Anna"]
[Result "0-1"]
[WhiteElo "2047"]
[BlackElo "2469"]
[PlyCount "111"]
[EventDate "2014.09.14"]
[EventType "swiss"]
[EventRounds "7"]
[EventCountry "ESP"]
[Source "lmi"]
[SourceDate "2014.09.14"]
[WhiteTeam "Herzliya Chess Club"]
[BlackTeam "Ladya"]

1. d4 e6 2. c4 Nf6 3. Nf3 Bb4+ 4. Bd2 a5 5. Nc3 d5 6. e3 O-O 7. c5 b6 8. cxb6
cxb6 9. Ne5 Bb7 10. Bb5 Nbd7 11. Nc6 Bxc6 12. Bxc6 Rc8 13. Qa4 Nb8 14. Bb5 Qe7
15. O-O e5 16. a3 Bd6 17. dxe5 Qxe5 18. Qh4 Nc6 19. Bd3 Ne7 20. Nb5 Ng6 21.
Bxg6 hxg6 22. Bc3 Qe6 23. Nxd6 Qxd6 24. Rad1 Rfd8 25. Bxf6 gxf6 26. Rd4 Rc2 27.
b4 axb4 28. axb4 Rb2 29. Rfd1 Kg7 30. Qg3 Qe7 31. Qg4 Ra8 32. Qh3 Rxb4 33. Rxd5
Rd8 34. Qf3 Rxd5 35. Qxd5 Rb2 36. h3 Qb4 37. Qd3 b5 38. Rc1 Rd2 39. Qf1 Qb3 40.
Kh2 b4 41. Rc7 Qd5 42. Qc4 Qxc4 43. Rxc4 b3 44. Rb4 b2 45. Kg3 Kf8 46. f4 Ke7
47. Rb6 Kd7 48. h4 Kc7 49. Rb3 Kc6 50. Kh3 Kc5 51. g4 Kc4 52. Rb8 Re2 53. h5
Rxe3+ 54. Kg2 Rb3 55. Rc8+ Kd4 56. Rd8+ 0-1

[Event "European Club Cup Femenino 2014"]
[Site "Bilbao ESP"]
[Date "2014.09.14"]
[Round "1.2"]
[White "Atalik, Ekaterina"]
[Black "Lian, Marina"]
[Result "1-0"]
[WhiteElo "2421"]
[BlackElo "1871"]
[PlyCount "47"]
[EventDate "2014.09.14"]
[EventType "swiss"]
[EventRounds "7"]
[EventCountry "ESP"]
[Source "lmi"]
[SourceDate "2014.09.14"]
[WhiteTeam "Ladya"]
[BlackTeam "Herzliya Chess Club"]

1. d4 Nf6 2. c4 e6 3. Nf3 b6 4. a3 Bb7 5. Nc3 d5 6. cxd5 Nxd5 7. e3 Be7 8. Bb5+
c6 9. Bd3 O-O 10. e4 Nxc3 11. bxc3 c5 12. O-O Nc6 13. Be3 cxd4 14. cxd4 Qd6 15.
Qe2 Rad8 16. Rfd1 Kh8 17. Bb5 Na5 18. Bd2 Nc6 19. d5 Ne5 20. Nd4 Ng6 21. Bc6
Bc8 22. g3 Qe5 23. Be3 exd5 24. Bxd5 1-0

[Event "European Club Cup Femenino 2014"]
[Site "Bilbao ESP"]
[Date "2014.09.14"]
[Round "1.2"]
[White "Haitovich, Avital"]
[Black "Zaiatz, Elena"]
[Result "0-1"]
[WhiteElo "1891"]
[BlackElo "2401"]
[PlyCount "80"]
[EventDate "2014.09.14"]
[EventType "swiss"]
[EventRounds "7"]
[EventCountry "ESP"]
[Source "lmi"]
[SourceDate "2014.09.14"]
[WhiteTeam "Herzliya Chess Club"]
[BlackTeam "Ladya"]

1. e4 e5 2. Nf3 Nc6 3. Be2 Nf6 4. d3 d5 5. Nbd2 Be7 6. c3 a5 7. a4 O-O 8. O-O
Re8 9. Re1 Bf8 10. Qc2 g6 11. Nf1 h6 12. h3 Bg7 13. Ne3 Be6 14. Nh2 d4 15. Neg4
Nxg4 16. Bxg4 f5 17. Bf3 f4 18. Rd1 h5 19. Bd2 Qd7 20. Rdc1 Qf7 21. Bd1 Rad8
22. Nf3 dxc3 23. bxc3 Bf6 24. Rab1 b6 25. d4 exd4 26. cxd4 Nxd4 27. Nxd4 Bxd4
28. Qxc7 Bxf2+ 29. Kxf2 Rxd2+ 30. Ke1 Rxg2 31. Qxf7+ Bxf7 32. Kf1 Rg3 33. Rxb6
Rxe4 34. Rc7 Re8 35. Rbb7 Bd5 36. Ra7 Rxh3 37. Bc2 Rf3+ 38. Kg2 Re2+ 39. Kg1
Re1+ 40. Kh2 Rf2+ 0-1

[Event "European Club Cup Femenino 2014"]
[Site "Bilbao ESP"]
[Date "2014.09.15"]
[Round "2.2"]
[White "Melia, Salome"]
[Black "Mkrtchian, Lilit"]
[Result "1/2-1/2"]
[WhiteElo "2464"]
[BlackElo "2457"]
[PlyCount "57"]
[EventDate "2014.09.14"]
[EventType "swiss"]
[EventRounds "7"]
[EventCountry "ESP"]
[Source "lmi"]
[SourceDate "2014.09.14"]
[WhiteTeam "Batumi Chess Club Nona"]
[BlackTeam "SC Bad Konigshofen"]

1. e4 e6 2. d4 d5 3. Nc3 Bb4 4. exd5 exd5 5. Bd3 c6 6. Nge2 Ne7 7. Ng3 Ng6 8.
O-O O-O 9. Nce2 Bd6 10. Nf5 Bxf5 11. Bxf5 Na6 12. Qd3 Re8 13. c3 Qh4 14. Ng3
Nc7 15. Bh3 Nf4 16. Bxf4 Qxf4 17. Rfe1 g6 18. Nf1 Qg5 19. g3 Re7 20. Rxe7 Qxe7
21. Qe3 Qxe3 22. Nxe3 Re8 23. Re1 Kf8 24. Nc2 Be7 25. Bd7 Rd8 26. Bh3 Re8 27.
Bd7 Rd8 28. Bh3 Re8 29. Bd7 1/2-1/2

[Event "European Club Cup Femenino 2014"]
[Site "Bilbao ESP"]
[Date "2014.09.16"]
[Round "3.1"]
[White "Galliamova, Alisa"]
[Black "Gunina, Valentina"]
[Result "1-0"]
[WhiteElo "2472"]
[BlackElo "2540"]
[PlyCount "121"]
[EventDate "2014.09.14"]
[EventType "swiss"]
[EventRounds "7"]
[EventCountry "ESP"]
[Source "lmi"]
[SourceDate "2014.09.14"]
[WhiteTeam "Ladya"]
[BlackTeam "SHSM"]

1. d4 d5 2. c4 c6 3. Nf3 Nf6 4. g3 g6 5. Bg2 Bg7 6. O-O O-O 7. Qa4 b5 8. cxb5
cxb5 9. Qb3 Nc6 10. Qxb5 Bd7 11. Qa4 Ne4 12. Qd1 Qa5 13. Nbd2 Rfc8 14. Nb3 Qb6
15. Be3 Bf5 16. Nh4 a5 17. Nxf5 gxf5 18. Bxe4 fxe4 19. Qd2 Qb4 20. Rfd1 a4 21.
Nc5 e5 22. dxe5 Qxd2 23. Rxd2 a3 24. bxa3 Nxe5 25. Rad1 Nc4 26. Rxd5 Nxe3 27.
fxe3 Bh6 28. Nxe4 Rxa3 29. Nf6+ Kf8 30. Ng4 Bg7 31. R1d2 Rc4 32. h3 Rc1+ 33.
Kf2 Bc3 34. Rd8+ Kg7 35. R2d5 h6 36. R8d7 Rxa2 37. Rf5 Raa1 38. Rdxf7+ Kg6 39.
Kf3 Rg1 40. h4 h5 41. Nf2 Raf1 42. e4 Bd4 43. e3 Be5 44. Rxe5 Kxf7 45. Rxh5 Rh1
46. Rf5+ Kg7 47. Kg4 Rh2 48. Nd3 Ra1 49. Nf4 Ra3 50. Nd5 Ra4 51. Re5 Rf2 52. h5
Rf1 53. Kg5 Ra6 54. g4 Rf8 55. h6+ Kh7 56. Re7+ Kh8 57. Kh5 Rg8 58. Nf4 Ra5+
59. e5 Ra6 60. g5 Rb6 61. e6 1-0

[Event "European Club Cup Femenino 2014"]
[Site "Bilbao ESP"]
[Date "2014.09.16"]
[Round "3.1"]
[White "Atalik, Ekaterina"]
[Black "Girya, Olga"]
[Result "1/2-1/2"]
[WhiteElo "2421"]
[BlackElo "2476"]
[PlyCount "93"]
[EventDate "2014.09.14"]
[EventType "swiss"]
[EventRounds "7"]
[EventCountry "ESP"]
[Source "lmi"]
[SourceDate "2014.09.14"]
[WhiteTeam "Ladya"]
[BlackTeam "SHSM"]

1. d4 d5 2. c4 c6 3. Nf3 Nf6 4. g3 Bg4 5. Bg2 e6 6. Qb3 Qb6 7. c5 Qa6 8. Nc3 b6
9. cxb6 axb6 10. h3 Bh5 11. g4 Bg6 12. Ne5 Nfd7 13. Nxg6 hxg6 14. O-O Be7 15.
e4 O-O 16. Re1 Bf6 17. Be3 c5 18. exd5 cxd4 19. Bxd4 Bxd4 20. dxe6 fxe6 21.
Qxe6+ Kh7 22. Ne4 Bf6 23. Nxf6+ Nxf6 24. Qd6 Nbd7 25. g5 Rad8 26. gxf6 Nxf6 27.
Qb4 Nh5 28. Re4 Rf6 29. Bf1 Qc8 30. Be2 Qxh3 31. Rh4 Qf5 32. Rh2 Rd5 33. Re1
Qd7 34. Qh4 Rff5 35. Bg4 Rg5 36. f3 Qd6 37. Qf2 Rd4 38. Rg2 Qf4 39. Qc2 Rc5 40.
Bxh5 Rxc2 41. Bxg6+ Kh6 42. Bxc2 Rd2 43. Re6+ Kh5 44. Bg6+ Kh6 45. Be4+ Kh5 46.
Bg6+ Kh6 47. Be4+ 1/2-1/2

[Event "European Club Cup Femenino 2014"]
[Site "Bilbao ESP"]
[Date "2014.09.16"]
[Round "3.1"]
[White "Kashlinskaya, Alina"]
[Black "Zaiatz, Elena"]
[Result "1-0"]
[WhiteElo "2433"]
[BlackElo "2401"]
[PlyCount "197"]
[EventDate "2014.09.14"]
[EventType "swiss"]
[EventRounds "7"]
[EventCountry "ESP"]
[Source "lmi"]
[SourceDate "2014.09.14"]
[WhiteTeam "SHSM"]
[BlackTeam "Ladya"]

1. d4 Nf6 2. c4 e6 3. Nc3 Bb4 4. e3 O-O 5. Bd3 d5 6. Nf3 b6 7. O-O Bb7 8. a3
Bd6 9. cxd5 exd5 10. b4 a6 11. Qb3 Qe7 12. Re1 Re8 13. Bb2 Nbd7 14. h3 h6 15.
Bf5 Rab8 16. Rad1 c5 17. Bxd7 c4 18. Qc2 Nxd7 19. Re2 b5 20. Rde1 Nf6 21. e4
dxe4 22. Nd2 Qd7 23. Ndxe4 Nxe4 24. Nxe4 Bf8 25. Qc3 Bd5 26. Qg3 Bxe4 27. Rxe4
Rxe4 28. Rxe4 Rc8 29. d5 Qxd5 30. Rg4 g5 31. Qc3 f6 32. Rd4 Qe6 33. Qc2 f5 34.
Qc3 Qe5 35. Qd2 Qe6 36. h4 Re8 37. Kf1 f4 38. hxg5 hxg5 39. Qd1 Qg6 40. Rd7 Qe6
41. Bc3 Re7 42. Rd8 Re8 43. Rd5 Qh6 44. Kg1 Re6 45. Qg4 Be7 46. Rf5 Bf6 47. Bd2
c3 48. Bxc3 Bxc3 49. Rxg5+ Kf7 50. Qf5+ Ke7 51. Qc5+ Kf7 52. Qc7+ Re7 53. Rf5+
Bf6 54. Qc1 Kg7 55. g3 Be5 56. Qc5 Qd6 57. Qc2 Qg6 58. Qc8 Bf6 59. Rxf4 Qh7 60.
Kg2 Kf7 61. Qxa6 Qh6 62. Qxb5 Re1 63. Qd7+ Kf8 64. Qd6+ Kg7 65. Rg4+ Kf7 66.
Qd7+ Kf8 67. Qd6+ Kf7 68. Qd5+ Ke7 69. Re4+ Rxe4 70. Qxe4+ Kf7 71. Qd5+ Ke7 72.
b5 Qc1 73. a4 Qb2 74. Qe4+ Kf7 75. g4 Bd4 76. Qf5+ Kg7 77. a5 Bxf2 78. Qxf2
Qxb5 79. Qd2 Qc6+ 80. Kg3 Qc7+ 81. Kh4 Kh7 82. Qd3+ Kg7 83. Qd4+ Kh7 84. Qe4+
Kg7 85. Qd5 Qh2+ 86. Kg5 Qh6+ 87. Kf5 Qf6+ 88. Ke4 Qf1 89. Qg5+ Kh8 90. Qh6+
Kg8 91. Qe6+ Kh8 92. a6 Qb1+ 93. Ke5 Qa1+ 94. Kf5 Qb1+ 95. Kf6 Qg6+ 96. Ke7
Qg7+ 97. Ke8 Qc7 98. Qf6+ Kg8 99. Qf8+ 1-0

[Event "European Club Cup Femenino 2014"]
[Site "Bilbao ESP"]
[Date "2014.09.16"]
[Round "3.2"]
[White "Efroimski, Marsel"]
[Black "Ushenina, Anna"]
[Result "0-1"]
[WhiteElo "2331"]
[BlackElo "2481"]
[PlyCount "94"]
[EventDate "2014.09.14"]
[EventType "swiss"]
[EventRounds "7"]
[EventCountry "ESP"]
[Source "lmi"]
[SourceDate "2014.09.14"]
[WhiteTeam "Rishon Letzion"]
[BlackTeam "Ugra"]

1. e4 c5 2. Nc3 d6 3. Nge2 a6 4. d4 cxd4 5. Nxd4 Nf6 6. Be2 g6 7. Bg5 Bg7 8.
Qd2 Nc6 9. Nb3 b5 10. Bh6 O-O 11. Bxg7 Kxg7 12. f3 Be6 13. h4 d5 14. O-O-O dxe4
15. Qe3 Qc7 16. Nc5 Rac8 17. Nxe6+ fxe6 18. Nxe4 Nd4 19. c3 Nf5 20. Qd2 Nxe4
21. fxe4 Ng3 22. Rhe1 Rcd8 23. Qe3 Qf4 24. Bf3 Rxd1+ 25. Kxd1 e5 26. Kc2 Qxh4
27. Rd1 Qf6 28. Rd5 h5 29. Qc5 Rf7 30. Rxe5 h4 31. Rg5 Nf5 32. Rg4 Ng3 33. Qd4
e5 34. Qd2 a5 35. a3 Re7 36. Qd5 Nf1 37. Qxb5 Ne3+ 38. Kb1 Nxg4 39. Bxg4 Qf4
40. Qe2 a4 41. Bf3 Rf7 42. Qa6 h3 43. Qxa4 h2 44. Qd1 Qe3 45. Ka2 Qg1 46. Qd6
h1=Q 47. Qxe5+ Kh7 0-1

[Event "European Club Cup Femenino 2014"]
[Site "Bilbao ESP"]
[Date "2014.09.16"]
[Round "3.2"]
[White "Vardi, Shlomit"]
[Black "Guseva, Marina"]
[Result "0-1"]
[WhiteElo "1957"]
[BlackElo "2352"]
[PlyCount "98"]
[EventDate "2014.09.14"]
[EventType "swiss"]
[EventRounds "7"]
[EventCountry "ESP"]
[Source "lmi"]
[SourceDate "2014.09.14"]
[WhiteTeam "Rishon Letzion"]
[BlackTeam "Ugra"]

1. e4 c6 2. d3 d5 3. Nd2 g6 4. Ngf3 Bg7 5. c3 e5 6. g3 Ne7 7. Qe2 O-O 8. Bg2
Nd7 9. b4 a5 10. Nb3 axb4 11. cxb4 b6 12. Qc2 Ba6 13. Bb2 Re8 14. a4 Qb8 15.
Ng5 h6 16. Nh3 dxe4 17. dxe4 Nf8 18. Bf1 Bc8 19. f3 Ne6 20. Nf2 Nd4 21. Nxd4
exd4 22. Nd3 Qd6 23. Be2 g5 24. O-O Ng6 25. a5 bxa5 26. Rxa5 Rxa5 27. bxa5 Ba6
28. Bc1 Ra8 29. Kg2 Bb5 30. Bd2 Ne5 31. Rb1 Nc4 32. Kf2 Na3 33. Qb3 Nxb1 34.
Qxb1 Bf8 35. f4 Be7 36. Bf3 Rb8 37. Qc2 Qa3 38. Ne5 d3 39. Qd1 Qc5+ 40. Kg2 Qc2
41. Kh3 Qxd1 42. Bxd1 f6 43. Nf3 c5 44. Kg4 Bd7+ 45. Kh5 Be8+ 46. Kg4 c4 47.
Nd4 Bb4 48. Bxb4 Rxb4 49. a6 Rb6 0-1

[Event "European Club Cup Femenino 2014"]
[Site "Bilbao ESP"]
[Date "2014.09.16"]
[Round "3.2"]
[White "Shadrina, Tatiana"]
[Black "Federovski, Adi"]
[Result "1-0"]
[WhiteElo "2327"]
[BlackElo "1937"]
[PlyCount "69"]
[EventDate "2014.09.14"]
[EventType "swiss"]
[EventRounds "7"]
[EventCountry "ESP"]
[Source "lmi"]
[SourceDate "2014.09.14"]
[WhiteTeam "Ugra"]
[BlackTeam "Rishon Letzion"]

1. e4 d6 2. d4 Nf6 3. Nc3 g6 4. Be3 c6 5. Qd2 b5 6. Bd3 Nbd7 7. Nf3 Nb6 8. b3
Bg7 9. Bh6 Bxh6 10. Qxh6 Bg4 11. Ng5 e5 12. dxe5 dxe5 13. O-O Qe7 14. a4 b4 15.
a5 Nc8 16. Na4 Ng8 17. Qg7 Qf6 18. Qxf6 Nxf6 19. f4 Nd7 20. h3 Be6 21. fxe5
Nxe5 22. Nxe6 fxe6 23. Rf6 Ke7 24. Raf1 Kd6 25. Nb2 Re8 26. Bc4 Re7 27. Rf8 Nd7
28. Rd1+ Kc7 29. Rh8 Rb8 30. Nd3 c5 31. e5 Kc6 32. Kh2 Ra8 33. Nf4 Nxe5 34.
Bxe6 Rc7 35. Bd5+ 1-0

[Event "European Club Cup Femenino 2014"]
[Site "Bilbao ESP"]
[Date "2014.09.17"]
[Round "4.1"]
[White "Gunina, Valentina"]
[Black "Paehtz, Elisabeth"]
[Result "1/2-1/2"]
[WhiteElo "2540"]
[BlackElo "2467"]
[PlyCount "82"]
[EventDate "2014.09.14"]
[EventType "swiss"]
[EventRounds "7"]
[EventCountry "ESP"]
[Source "lmi"]
[SourceDate "2014.09.14"]
[WhiteTeam "SHSM"]
[BlackTeam "SC Bad Konigshofen"]

1. Nf3 d6 2. g3 g6 3. Bg2 Bg7 4. O-O e5 5. d4 Nc6 6. dxe5 dxe5 7. Qxd8+ Nxd8 8.
Nc3 Bd7 9. Bg5 f6 10. Be3 Ne7 11. Nd2 Nf5 12. Bc5 Ne6 13. b4 Bc8 14. Nb3 Nxc5
15. Nxc5 c6 16. b5 Ne7 17. bxc6 bxc6 18. Nb5 O-O 19. Nc7 Rb8 20. Rab1 Rb6 21.
a4 f5 22. e4 fxe4 23. Bxe4 Bh3 24. Rfd1 Rc8 25. N7e6 Bh6 26. a5 Rxb1 27. Rxb1
Kf7 28. Bg2 Bxe6 29. Nxe6 Kxe6 30. Bh3+ Nf5 31. g4 Bd2 32. gxf5+ gxf5 33. a6
Rc7 34. Rb7 Ba5 35. Rb8 Rg7+ 36. Kf1 Rf7 37. Re8+ Kd6 38. f3 Bb6 39. Ke2 Kd5
40. Bg2 Kd6 41. h4 Rf6 1/2-1/2

[Event "European Club Cup Femenino 2014"]
[Site "Bilbao ESP"]
[Date "2014.09.17"]
[Round "4.1"]
[White "Girya, Olga"]
[Black "Savina, Anastasia"]
[Result "0-1"]
[WhiteElo "2476"]
[BlackElo "2373"]
[PlyCount "130"]
[EventDate "2014.09.14"]
[EventType "swiss"]
[EventRounds "7"]
[EventCountry "ESP"]
[Source "lmi"]
[SourceDate "2014.09.14"]
[WhiteTeam "SHSM"]
[BlackTeam "SC Bad Konigshofen"]

1. d4 Nf6 2. Bg5 e6 3. e4 h6 4. Bxf6 Qxf6 5. c3 b6 6. Bd3 Bb7 7. Nf3 c5 8. O-O
Qd8 9. Nbd2 Be7 10. e5 Nc6 11. Be4 d5 12. exd6 Bxd6 13. dxc5 Bxc5 14. Qa4 Qc7
15. Nd4 Bxd4 16. cxd4 Qd7 17. Nf3 Na5 18. Qxd7+ Kxd7 19. Ne5+ Ke7 20. Bxb7 Nxb7
21. Rad1 Rhc8 22. Rfe1 f6 23. Ng6+ Kf7 24. Nf4 Rc6 25. d5 exd5 26. Nxd5 Re8 27.
Kf1 Rd6 28. Ne3 Rxd1 29. Rxd1 Rd8 30. Rxd8 Nxd8 31. Ke2 Ke6 32. Kd3 Nb7 33. Kd4
Nd6 34. a4 f5 35. Nd5 Ne4 36. a5 bxa5 37. f3 Nd2 38. Nc7+ Kd7 39. Nb5 a6 40.
Na3 Ke6 41. Kc3 Nf1 42. Kd3 Nxh2 43. Nc4 Nf1 44. Nxa5 Kd5 45. b4 f4 46. Nb3 g5
47. Nd4 Ne3 48. g3 Ng2 49. gxf4 Nxf4+ 50. Kc3 h5 51. Nf5 Ng2 52. Ng3 h4 53. Ne4
h3 54. Nf2 Nf4 55. Ng4 Ng2 56. Kd3 Ne1+ 57. Ke2 Nc2 58. Kf2 Nxb4 59. Kg3 a5 60.
Ne3+ Kd4 61. Nf5+ Kc5 62. Kxh3 a4 63. Ng3 a3 64. Ne2 Nd3 65. Nc3 Kc4 0-1

[Event "European Club Cup Femenino 2014"]
[Site "Bilbao ESP"]
[Date "2014.09.17"]
[Round "4.1"]
[White "Schoene, Maria"]
[Black "Kovalevskaya, Ekaterina"]
[Result "0-1"]
[WhiteElo "2261"]
[BlackElo "2431"]
[PlyCount "87"]
[EventDate "2014.09.14"]
[EventType "swiss"]
[EventRounds "7"]
[EventCountry "ESP"]
[Source "lmi"]
[SourceDate "2014.09.14"]
[WhiteTeam "SC Bad Konigshofen"]
[BlackTeam "SHSM"]

1. e4 c5 2. Nf3 Nc6 3. d4 cxd4 4. Nxd4 Nf6 5. Nc3 d6 6. Bg5 e6 7. Qd2 Be7 8.
O-O-O O-O 9. f3 a6 10. h4 Nxd4 11. Qxd4 b5 12. Kb1 Bb7 13. g4 Rc8 14. Qd2 b4
15. Bxf6 Bxf6 16. Ne2 Qc7 17. g5 Be5 18. Nc1 d5 19. Bd3 a5 20. exd5 Bxd5 21.
Be4 Bxe4 22. fxe4 a4 23. Nd3 a3 24. Nxe5 Qxe5 25. Qxb4 axb2 26. Rh3 Qf4 27.
Qxb2 Qxe4 28. h5 Qg4 29. Rdh1 Qxg5 30. h6 gxh6 31. Ka1 Rfd8 32. Rxh6 Qxh6 33.
Rxh6 Rd1+ 34. Qb1 Rxb1+ 35. Kxb1 Kg7 36. Rh2 f5 37. Kb2 e5 38. Kb3 e4 39. c4 f4
40. Kc3 Rd8 41. c5 f3 42. Rf2 Re8 43. c6 e3 44. Kd4 0-1

[Event "European Club Cup Femenino 2014"]
[Site "Bilbao ESP"]
[Date "2014.09.17"]
[Round "4.2"]
[White "Len, Irina"]
[Black "Muzychuk, Anna"]
[Result "0-1"]
[WhiteElo "2133"]
[BlackElo "2551"]
[PlyCount "60"]
[EventDate "2014.09.14"]
[EventType "swiss"]
[EventRounds "7"]
[EventCountry "ESP"]
[Source "lmi"]
[SourceDate "2014.09.14"]
[WhiteTeam "Herzliya Chess Club"]
[BlackTeam "Cercle d'Echecs de Monte-Carlo"]

1. d4 f5 2. c4 Nf6 3. Nf3 g6 4. g3 Bg7 5. Bg2 O-O 6. O-O d6 7. Nc3 Qe8 8. d5
Na6 9. Nd4 Bd7 10. Rb1 Nc5 11. b4 Nce4 12. Bb2 c6 13. Nc2 cxd5 14. Nxd5 Qf7 15.
Nce3 Nxd5 16. Nxd5 Bxb2 17. Rxb2 Rac8 18. Qd3 Be6 19. f3 Bxd5 20. cxd5 Qg7 21.
Rb3 Nc3 22. e3 Nxa2 23. Qb5 Nc1 24. Ra3 Qb2 25. Rxa7 Rc2 26. Bh3 Rxh2 27. Qc4
Rxh3 28. Rf2 Rxg3+ 29. Kf1 Qb1 30. Rc2 Nd3+ 0-1

[Event "European Club Cup Femenino 2014"]
[Site "Bilbao ESP"]
[Date "2014.09.17"]
[Round "4.2"]
[White "Lagno, Kateryna"]
[Black "Yakovleva, Tatiana"]
[Result "1-0"]
[WhiteElo "2540"]
[BlackElo "2047"]
[PlyCount "51"]
[EventDate "2014.09.14"]
[EventType "swiss"]
[EventRounds "7"]
[EventCountry "ESP"]
[Source "lmi"]
[SourceDate "2014.09.14"]
[WhiteTeam "Cercle d'Echecs de Monte-Carlo"]
[BlackTeam "Herzliya Chess Club"]

1. e4 c6 2. c4 d5 3. exd5 cxd5 4. cxd5 Qxd5 5. Nc3 Qa5 6. d4 Nf6 7. Nf3 Bg4 8.
h3 Be6 9. Ng5 Bd5 10. Bb5+ Nc6 11. O-O Qd8 12. Qe2 e6 13. Nxd5 Qxd5 14. Bc4
Nxd4 15. Qd3 Qd7 16. Rd1 Bc5 17. Be3 Rd8 18. Bxd4 Qxd4 19. Qe2 Qxf2+ 20. Qxf2
Bxf2+ 21. Kxf2 O-O 22. Ke3 Rc8 23. Rac1 Rc5 24. Nxf7 Rxf7 25. Rd8+ Rf8 26.
Bxe6+ 1-0

[Event "European Club Cup Femenino 2014"]
[Site "Bilbao ESP"]
[Date "2014.09.17"]
[Round "4.2"]
[White "Lian, Marina"]
[Black "Cramling, Pia"]
[Result "0-1"]
[WhiteElo "1871"]
[BlackElo "2516"]
[PlyCount "56"]
[EventDate "2014.09.14"]
[EventType "swiss"]
[EventRounds "7"]
[EventCountry "ESP"]
[Source "lmi"]
[SourceDate "2014.09.14"]
[WhiteTeam "Herzliya Chess Club"]
[BlackTeam "Cercle d'Echecs de Monte-Carlo"]

1. e4 c5 2. Nc3 Nc6 3. f4 g6 4. Nf3 Bg7 5. Bc4 e6 6. f5 Nge7 7. fxe6 fxe6 8.
O-O d5 9. Bb5 O-O 10. Bxc6 Nxc6 11. d3 Nd4 12. Kh1 Qd6 13. Bg5 Bd7 14. Qd2 Rf7
15. Rf2 b5 16. Raf1 Nxf3 17. Rxf3 Rxf3 18. Rxf3 b4 19. Ne2 dxe4 20. Re3 Bc6 21.
Ng3 Rf8 22. Qe1 exd3 23. Rxd3 Qe5 24. Qd2 Bd5 25. c3 c4 26. Rd4 bxc3 27. bxc3
Rb8 28. Qc1 Qxg5 0-1

[Event "European Club Cup Femenino 2014"]
[Site "Bilbao ESP"]
[Date "2014.09.17"]
[Round "4.2"]
[White "Skripchenko, Almira"]
[Black "Haitovich, Avital"]
[Result "1-0"]
[WhiteElo "2430"]
[BlackElo "1891"]
[PlyCount "97"]
[EventDate "2014.09.14"]
[EventType "swiss"]
[EventRounds "7"]
[EventCountry "ESP"]
[Source "lmi"]
[SourceDate "2014.09.14"]
[WhiteTeam "Cercle d'Echecs de Monte-Carlo"]
[BlackTeam "Herzliya Chess Club"]

1. Nf3 d5 2. g3 Nf6 3. Bg2 g6 4. d4 Bg7 5. O-O O-O 6. Bf4 Nh5 7. Be3 c6 8. Qc1
Re8 9. Bh6 Bh8 10. h3 Nd7 11. c4 dxc4 12. Qxc4 Nb6 13. Qc2 Ng7 14. Rd1 Nf5 15.
Bc1 Nd6 16. Nc3 Bd7 17. e4 Rc8 18. Bf4 Ndc4 19. b3 e5 20. Bg5 f6 21. Bc1 exd4
22. Nxd4 Ne5 23. f4 Nf7 24. Ba3 Qc7 25. Rac1 Qb8 26. Qf2 Bg7 27. Nc2 Rcd8 28.
Ne3 Kh8 29. Bb2 Kg8 30. Re1 Nc8 31. Re2 Ncd6 32. Rce1 Qc8 33. Kh2 Qb8 34. Nc2
b6 35. Nb4 a5 36. Nd3 Nc8 37. Re3 Qc7 38. Qe2 Qb8 39. Nf2 Ncd6 40. Ng4 f5 41.
exf5 Nxf5 42. Rxe8+ Rxe8 43. Ne4 Kh8 44. Qd2 Qc7 45. Ngf6 Rd8 46. Qf2 N7d6 47.
g4 Nxe4 48. Rxe4 Nd6 49. Re7 1-0